000 00234nam a22000977a 4500
005 20250901165356.0
008 210318b ||||| |||| 00| 0 eng d
050 _aPS3569.A5455 .S26
245 _aNightside
_cSANTIAQO, SOLEDAD
942 _2lcc
999 _c2967
_d2967